<?xml version="1.0" encoding="UTF-8"?>
<marc:record xmlns:marc="http://www.loc.gov/MARC21/slim">
   <marc:leader>00000nam a2200000 a 4500</marc:leader>
   <marc:datafield ind1="1" ind2=" " tag="100">
      <marc:subfield code="a">Link, Charlotte</marc:subfield>
      <marc:subfield code="4">aut</marc:subfield>
      <marc:subfield code="e">Verfasser/-in</marc:subfield>
   </marc:datafield>
   <marc:datafield ind1=" " ind2=" " tag="653">
      <marc:subfield code="a">Thriller</marc:subfield>
   </marc:datafield>
   <marc:datafield ind1=" " ind2=" " tag="653">
      <marc:subfield code="a">Krimi</marc:subfield>
   </marc:datafield>
   <marc:datafield ind1=" " ind2=" " tag="653">
      <marc:subfield code="a">Schnee</marc:subfield>
   </marc:datafield>
   <marc:datafield ind1="0" ind2="0" tag="245">
      <marc:subfield code="a">Einsame Nacht</marc:subfield>
   </marc:datafield>
   <marc:datafield ind1="0" ind2="0" tag="245">
      <marc:subfield code="b">Kriminalroman - Der Nr.-1-Bestseller jetzt als Taschenbuch</marc:subfield>
   </marc:datafield>
   <marc:datafield ind1=" " ind2="1" tag="264">
      <marc:subfield code="b">Blanvalet</marc:subfield>
      <marc:subfield code="c">2023</marc:subfield>
   </marc:datafield>
   <marc:datafield ind1="1" ind2=" " tag="490">
      <marc:subfield code="a">Die Kate-Linville-Reihe</marc:subfield>
   </marc:datafield>
   <marc:datafield ind1="1" ind2=" " tag="520">
      <marc:subfield code="a">Nicht einmal der Schnee verdeckt alle Spuren ... Mitten in den einsamen North York Moors fährt eine junge Frau allein in ihrem Wagen durch eine kalte Dezembernacht. Am nächsten Morgen findet man sie ermordet auf, in ihrem Auto, das fast zugeschneit auf einem Feldweg steht. Es gibt eine Zeugin, die beobachtet hat, dass ein Mann unterwegs bei ihr einstieg. Ihr Freund? Ein Fremder? Ihr Mörder? Kate Linville beginnt mit ihren Ermittlungen und ist schnell auf einer Spur, die in die Vergangenheit führt, zu einem Cold Case, in dem Caleb Hale damals ermittelt hat und der nie gelöst werden konnte ...</marc:subfield>
   </marc:datafield>
   <marc:datafield ind1=" " ind2=" " tag="020">
      <marc:subfield code="a">9783442379200</marc:subfield>
      <marc:subfield code="9">9783442379200</marc:subfield>
   </marc:datafield>
</marc:record>
